प्राचीन भारत की वास्तु कला / (Record no. 112107)

MARC details
000 -LEADER
fixed length control field 01113nam a22002537a 4500
005 - DATE AND TIME OF LATEST TRANSACTION
control field 20170124102934.0
010 ## - LIBRARY OF CONGRESS CONTROL NUMBER
LC control number A-771641
020 ## - INTERNATIONAL STANDARD BOOK NUMBER
Terms of availability 150.00
035 ## - SYSTEM CONTROL NUMBER
System control number A-771641
037 ## - SOURCE OF ACQUISITION
Source of stock number/acquisition Cen Lib/Ret
040 ## - CATALOGING SOURCE
Original cataloging agency DPL
Language of cataloging HN
082 ## - DEWEY DECIMAL CLASSIFICATION NUMBER
Classification number 730.954
Item number वर्मा
100 ## - MAIN ENTRY--PERSONAL NAME
Personal name वर्मा, महेंद्र
9 (RLIN) 45943
245 ## - TITLE STATEMENT
Title प्राचीन भारत की वास्तु कला /
Statement of responsibility, etc महेंद्र वर्मा
246 ## - VARYING FORM OF TITLE
Title proper/short title prachin bharat ki vastu kala
Remainder of title by Mahendra varma
260 ## - PUBLICATION, DISTRIBUTION, ETC. (IMPRINT)
Place of publication, distribution, etc नई दिल्ली
Name of publisher, distributor, etc आर्य बुक डिपो
Date of publication, distribution, etc 1996
270 ## - ADDRESS
Address 30,नाई वाला करोलबाग
City नई दिल्ली
Postal code 110005
300 ## - PHYSICAL DESCRIPTION
Extent 222पृष्ठ. :
Other physical details चित्र.
Dimensions 19सेमी (सजिल्द )
650 ## - SUBJECT ADDED ENTRY--TOPICAL TERM
Topical term or geographic name as entry element सिन्धु सभ्यता -मोहन जोदडो
9 (RLIN) 45944
650 ## - SUBJECT ADDED ENTRY--TOPICAL TERM
Topical term or geographic name as entry element भारतीय संस्कृति
9 (RLIN) 45945
650 ## - SUBJECT ADDED ENTRY--TOPICAL TERM
Topical term or geographic name as entry element Indus civilization -mohn Joddo
9 (RLIN) 45946
650 ## - SUBJECT ADDED ENTRY--TOPICAL TERM
Topical term or geographic name as entry element Indian Culture
9 (RLIN) 3853
942 ## - ADDED ENTRY ELEMENTS (KOHA)
Source of classification or shelving scheme Dewey Decimal Classification
Koha item type Hindi Books
Classification part 730.954
Call number suffix वर्मा
Holdings
Withdrawn status Lost status Damaged status Not for loan Home library Current library Date acquired Source of acquisition Cost, normal purchase price Total Checkouts Full call number Barcode Date last seen Copy number Cost, replacement price Price effective from Koha item type
        Central Library Central Library 07/08/2015 Cen Lib/Ret 150.00   730.954 वर्मा A-771641 07/08/2015 1 150.00 07/08/2015 Hindi Books

© Delhi Public Library
Hit Counter
free hit counter